00731cam a22002411 4500001001300000003000400013005001700017008004100034010001700075025001800092035002000110040001800130042001200148050001500160100002800175245009100203260004500294300002300339650003500362651003600397651003900433999001700472sa 65002668 DLC20260227112118.0871016s1964 pk 000 0 eng  asa 65002668  aPL480:P-E-621 a(OCoLC)16861176 aDLCcWaUdDLC apremarc00aJQ211b.B61 aBokhari, Abrar Hussain.10aConstitutional history of Indo-Pakistan sub-continent.cWith a foreword by A.S. Salam. aLahore,bM. Mohd Suleman Qureshic[1964] axv, 223 p.c19 cm. 0aConstitutional historyzIndia. 0aIndiaxPolitics and government. 0aPakistanxPolitics and government. c62757d62757